| 000 | 00840cgm a2200217 4500 | ||
|---|---|---|---|
| 001 | B3486 | ||
| 008 | 090401t1991 xxu||||| |||| 00| 0 eng d | ||
| 035 | _a(Sirsi) u56252 | ||
| 041 | _aeng | ||
| 050 | _a346.4104344 | ||
| 245 | _aRent reviews : war or peace? (sound recording) | ||
| 260 |
_aLondon _bRoyal Institution of Chartered Surveyors _c1991 |
||
| 300 | _a1 sound cassette (60 min.) | ||
| 350 | _a10.23 | ||
| 490 | _aOwlion Audio Programme | ||
| 520 | _aPublished jointly with the College of Estate Management . An update on rent review law, practice and settlement by arbitration, which throws light on current and controversial problems. | ||
| 650 | _aMANAGEMENT-DISPUTE AVOIDANCE, MANAGEMENT AND RESOLUTION-DISPUTE MANAGEMENT AND RESOLUTION-ARBITRATION | ||
| 650 | _aAUDIO CASSETTES | ||
| 942 | _n0 | ||
| 948 | _c04/03/1997 | ||
| 999 |
_c85315 _d85315 |
||